Villes du Maghreb - Mort Subite - Statistiques

Statistiques générales
  • Ce quiz a été pris 370 fois
  • Le résultat moyen est 16 sur 28
Answers on the Grid
Answers color-coded by a green-red scale on the quiz's grid according to % correct below.
Agadir
Casablanca
Rabat
Tanger
Fès
Tetouan
Constantine
Benghazi
Nouakhchott
Marrakech
Oran
Tunis
Tripoli
Tobrouk
Bejaîa
Jorf Lasfar
El Aioun
Béchar
Sapha
Ras-Lanouf
Boukraa
Arzew
Bizerte
Melilla
Ceuta
Sousse
Batna
Meknès
Ziguinchor
Tambacounda
Kinshasa
Kangana
Durban
Port Elizabeth
Dar es Salam
Dodoma
Mombassa
Nairobi
Lusaka
Mbala
 
Statistiques - réponses
Réponse % Correct
Marrakech
87%
Tunis
86%
Rabat
85%
Casablanca
84%
Agadir
83%
Fès
82%
Tanger
82%
Oran
81%
Meknès
75%
Constantine
70%
Bejaîa
65%
Tetouan
63%
Tripoli
62%
Sousse
58%
Benghazi
50%
El Aioun
50%
Melilla
49%
Ceuta
48%
Bizerte
47%
Béchar
45%
Nouakhchott
42%
Batna
41%
Ras-Lanouf
40%
Boukraa
33%
Tobrouk
30%
Jorf Lasfar
28%
Arzew
23%
Sapha
18%
Aucun quiz correspondant
Distribution des résultats
% des personnes avec chaque résultat
Percentile par nombre de réponses
Votre historique - résultats
Vous n’avez pas pris ce quiz